000 00717nam a22001937a 4500
003 OSt
005 20251106062502.0
008 251106b |||||||| |||| 00| 0 eng d
020 _a9712339386
040 _aDWCL-Main lib
_cOC
082 _aFil. 550 B813 2005
100 _aBraganza, M.C.
245 _aEarth science :
_ba textbook on earth science for the tertiary level
_cSULIT-BRAGANZA, MARIA CHONA
260 _aManila, Philippines :
_bRex Book Store,
_cc2005.
300 _axiv, 244 pages ;
_c25 cm.
504 _aIncludes appendix, bibliographical references and index.
650 _2Earth science.
942 _2ddc
_cBK - FIL
_eRevised edition
_hFil. 550 B813 2005
_kFil.
_n0
999 _c5596
_d5596